| 000 | 00355nam a2200145Ia 4500 | ||
|---|---|---|---|
| 008 | 150201s1995 xx 000 0 und d | ||
| 082 |
_a617.525 _bS1995K |
||
| 100 | _aKAPOOR,M.M | ||
| 245 | 2 | _aA TEXT BOOK OF SURGERY | |
| 250 | _a1ST | ||
| 260 |
_bC.B.S PUBLISHERS & DISTRIBUTERS _aDELHI _c1995 |
||
| 300 | _a1-378 | ||
| 650 | _aSURGERY | ||
| 942 |
_2ddc _cBK |
||
| 999 |
_c3025 _d3025 |
||